Rosa Cagliari Calcio 2023-24 - Statistics

Statistiche generali
  • Questo quiz è stato fatto 72 volte
  • Il punteggio medio è 19 su 33
Statistiche sulle risposte
Numero Ruolo Giocatore Nazionalità % Corretto
9 ATT Gianluca Lapadula Perù / Italia
91%
77 ATT Zito Luvumbo Angola
89%
26 DIF Jerry Mina Colombia
88%
61 ATT Eldor Shomurodov Uzbekistan
80%
30 ATT Leonardo Pavoletti Italia
80%
22 POR Simone Scuffet Italia
78%
1 POR Boris Radunović Serbia
77%
8 CEN Nahitan Nández Uruguay
75%
10 CEN Nicolas Viola Italia
75%
70 CEN Gianluca Gaetano Italia
70%
4 DIF Alberto Dossena Italia
67%
29 CEN Antoine Makoumbou Repubblica del Congo
64%
28 DIF Gabriele Zappa Italia
64%
16 CEN Matteo Prati Italia
63%
33 DIF Adam Obert Slovacchia
61%
14 CEN Alessandro Deiola Italia
58%
27 DIF Tommaso Augello Italia
58%
21 CEN Jakub Jankto Repubblica Ceca
56%
25 CEN Ibrahim Sulemana Ghana
55%
(6) (CEN) (Marko Rog) (Croazia)
55%
37 DIF Paulo Azzi Brasile
53%
32 ATT Andrea Petagna Italia
52%
34 ATT Kingstone Mutandwa Zambia
48%
23 DIF Mateusz Wieteska Polonia
47%
17 DIF Pantelis Hatzidiakos Grecia
45%
18 POR Simone Aresti Italia
42%
19 CEN Gaetano Oristanio Italia
41%
(20) (ATT) (Gastón Pereiro) (Uruguay)
41%
(3) (DIF) (Edoardo Goldaniga) (Italia)
36%
99 DIF Alessandro Di Pardo Italia
31%
5 CEN Marco Mancosu Italia
31%
(24) (DIF) (Elio Capradossi) (Italia)
16%
(38) (ATT) (Jacopo Desogus) (Italia)
13%
Nessun quiz corrispondente trovato
Distribuzione punteggi
Percentuale di utenti per punteggio
Percentile per numero di risposta
I tuoi punteggi nel tempo
Non hai fatto questo quiz